| 000 | 00377nam a22001577a 4500 | ||
|---|---|---|---|
| 003 | SGT | ||
| 020 | _a9789356961012 | ||
| 082 |
_a617.645 _bT23M |
||
| 100 | _aMarwah, Nikhil | ||
| 245 | _aTextbook of Pediatric Dentistry | ||
| 250 | _a5th | ||
| 260 |
_aNew Delhi, India _bJaypee Publishers _c2023 |
||
| 300 | _a1078 | ||
| 650 | _aPediatric Dentistry | ||
| 942 |
_2ddc _cBK _097 |
||
| 999 |
_c24901 _d24901 |
||